Central Library OPAC University of Rajshahi

East Lynne / (Record no. 83835)

MARC details
000 -LEADER
fixed length control field 00556nam a2200205 a 4500
001 - CONTROL NUMBER
control field 83835
003 - CONTROL NUMBER IDENTIFIER
rucl marc code BD-RjUL
005 - DATE AND TIME OF LATEST TRANSACTION
control field 20240528110502.0
008 - FIXED-LENGTH DATA ELEMENTS--GENERAL INFORMATION
fixed length control field 240528s1925 enk 000 1 eng d
035 ## - SYSTEM CONTROL NUMBER
System control number (BD-RjUL)83835
040 ## - CATALOGING SOURCE
Original cataloging agency ANL
Language of cataloging eng
Transcribing agency ANL
Modifying agency NNCU:A
-- BD-RjUL
041 ## - LANGUAGE CODE
Language code of text/sound track or separate title eng
082 04 - DEWEY DECIMAL CLASSIFICATION NUMBER
Edition number 23
Classification number 823.8
Author mark and year WOE 1925
100 1# - MAIN ENTRY--PERSONAL NAME
Personal name Wood, Henry,
Dates associated with a name 1814-1887.
9 (RLIN) 13203
245 10 - TITLE STATEMENT
Title East Lynne /
Statement of responsibility, etc. by Mrs. Henry Wood.
260 ## - PUBLICATION, DISTRIBUTION, ETC. (IMPRINT)
Place of publication, distribution, etc. London :
Name of publisher, distributor, etc. Readers library,
Date of publication, distribution, etc. [1925 ?]
300 ## - PHYSICAL DESCRIPTION
Pagination 253 p.;
Illustrations 17 cm.
650 ## - SUBJECT ADDED ENTRY--TOPICAL TERM
Topical term or geographic name as entry element English Fiction
942 ## - ADDED ENTRY ELEMENTS (KOHA)
Source of classification or shelving scheme Dewey Decimal Classification
Koha item type Books
Holdings
Lost status Source of classification or shelving scheme Damaged status Not for loan Collection code Permanent Location Current Location Shelving location Date acquired Total Checkouts Full call number Date last seen Copy number Koha item type
  Dewey Decimal Classification   Not For Loan Fiction Central Library, University of Rajshahi Central Library, University of Rajshahi Reading Room 28/05/2024   823.8 WOE 1925 28/05/2024 C-1 Books